[Event "Valasska Bystrice op"]
[Site "Valasska Bystrice"]
[Date "2017.09.14"]
[Round "7"]
[White "Jerabkova, Julia"]
[Black "Biza, Miroslav"]
[Result "1-0"]
[WhiteElo "1672"]
[BlackElo "1741"]
[PlyCount "67"]
[EventDate "2017.09.09"]
[EventType "swiss"]
[EventRounds "9"]
[EventCountry "CZE"]
[SourceTitle "CBM 180 Extra"]
[Source "ChessBase"]
[SourceDate "2017.10.06"]
[SourceVersion "1"]
[SourceVersionDate "2017.10.06"]
[SourceQuality "1"]

1. c4 e6 2. Nc3 d5 3. cxd5 exd5 4. d4 Nf6 5. Nf3 Nbd7 6. Bg5 c6 7. e3 Qa5 8. Qb3 Ne4 9. Bd3 Nxg5 10. Nxg5 Be7 11. Nf3 0-0 12. 0-0 Nf6 13. Rac1 Bd6 14. Qc2 Bg4 15. Ne5 Be6 16. f4 h6 17. Qe2 Rae8 18. g4 Bc8 19. h3 h5 20. Bf5 hxg4 21. Bxc8 Rxc8 22. hxg4 Qd8 23. Qg2 Nd7 24. Nf3 Re8 25. Kf2 Qb6 26. Rc2 Nf6 27. Ng5 Re7 28. Qh3 Rce8 29. Rh1 Nxg4+ 30. Qxg4 f6 31. Nh7 Kf7 32. f5 Rxe3 33. Qg6+ Ke7 34. Kxe3 1-0

[Event "Valasska Bystrice op"]
[Site "Valasska Bystrice"]
[Date "2017.09.13"]
[Round "6"]
[White "Biza, Miroslav"]
[Black "Hrivnakova, Anna"]
[Result "1/2-1/2"]
[WhiteElo "1741"]
[BlackElo "1513"]
[PlyCount "60"]
[EventDate "2017.09.09"]
[EventType "swiss"]
[EventRounds "9"]
[EventCountry "CZE"]
[SourceTitle "CBM 180 Extra"]
[Source "ChessBase"]
[SourceDate "2017.10.06"]
[SourceVersion "1"]
[SourceVersionDate "2017.10.06"]
[SourceQuality "1"]

1. d4 Nf6 2. c4 g6 3. Nc3 d5 4. cxd5 Nxd5 5. Nxd5 Qxd5 6. e3 Bg7 7. Nf3 0-0 8. Bd3 Bf5 9. 0-0 Bxd3 10. Qxd3 Nc6 11. e4 Qd8 12. Be3 Ne5 13. Nxe5 Bxe5 14. Qd2 Bg7 15. Rfd1 c6 16. Bh6 Qb6 17. Bxg7 Kxg7 18. Qc3 Kg8 19. Rd3 e6 20. Rad1 Rac8 21. b3 Rfe8 22. h4 Qc7 23. h5 Qf4 24. e5 b6 25. Rh3 Red8 26. hxg6 fxg6 27. Rf3 Qe4 28. Qc1 Rxd4 29. Rxd4 Qxd4 30. Qg5 Rd8 1/2-1/2

[Event "Karvina op"]
[Site "Karvina"]
[Date "2017.07.08"]
[Round "8"]
[White "Ochmyt, Jakub"]
[Black "Biza, Miroslav"]
[Result "1-0"]
[WhiteElo "1711"]
[BlackElo "1801"]
[PlyCount "123"]
[EventDate "2017.07.01"]
[EventType "swiss"]
[EventRounds "9"]
[EventCountry "CZE"]
[SourceTitle "EXT 2018"]
[Source "ChessBase"]
[SourceDate "2017.10.13"]
[SourceVersion "1"]
[SourceVersionDate "2017.10.13"]
[SourceQuality "1"]

1. d4 Nf6 2. Bg5 e6 3. Nf3 d5 4. e3 Be7 5. Bd3 h6 6. Bh4 Ne4 7. Bxe7 Qxe7 8. Bxe4 dxe4 9. Nfd2 f5 10. Qh5+ Qf7 11. Qxf7+ Kxf7 12. Nc3 Bd7 13. 0-0-0 Nc6 14. Nb3 b6 15. a3 Rhd8 16. h4 Ne7 17. Nd2 b5 18. Nb3 Nd5 19. Nxd5 exd5 20. Nc5 a5 21. b3 Kf6 22. Kd2 Be8 23. Rb1 b4 24. axb4 axb4 25. Ra1 Bb5 26. Rhb1 g5 27. hxg5+ hxg5 28. Rxa8 Rxa8 29. Rh1 f4 30. g4 fxg3 31. fxg3 Kf5 32. Rg1 Kg4 33. Ne6 c6 34. Rh1 Re8 35. Rh6 Rxe6 36. Rxe6 Kxg3 37. Rf6 g4 38. Ke1 Kh3 39. Kf2 g3+ 40. Kg1 Kg4 41. Kg2 Be2 42. Rf4+ Kg5 43. Kxg3 Bd1 44. Rf2 Bh5 45. Kg2 Bg4 46. Kf1 Bf3 47. Ke1 Kf5 48. Rh2 Ke6 49. Rh7 Kd6 50. Rb7 Bg4 51. Rxb4 Kc7 52. c4 Be6 53. c5 Bc8 54. Rb6 Bh3 55. b4 Bd7 56. Kd2 Be8 57. Kc3 Bd7 58. Kb3 Bg4 59. b5 cxb5 60. Rxb5 Bd7 61. Rb6 Be8 62. Kb4 1-0

[Event "Karvina op"]
[Site "Karvina"]
[Date "2017.07.06"]
[Round "6"]
[White "Shilov, Sergej"]
[Black "Biza, Miroslav"]
[Result "1-0"]
[WhiteElo "2170"]
[BlackElo "1801"]
[PlyCount "51"]
[EventDate "2017.07.01"]
[EventType "swiss"]
[EventRounds "9"]
[EventCountry "CZE"]
[SourceTitle "EXT 2018"]
[Source "ChessBase"]
[SourceDate "2017.10.13"]
[SourceVersion "1"]
[SourceVersionDate "2017.10.13"]
[SourceQuality "1"]

1. e4 b6 2. d4 Bb7 3. Bd3 e6 4. Nc3 Nf6 5. Qe2 Bb4 6. Nf3 d5 7. exd5 Qxd5 8. Bd2 Bxc3 9. bxc3 0-0 10. Ne5 c5 11. dxc5 Qxc5 12. 0-0 Nc6 13. Nxc6 Qxc6 14. f3 Rfd8 15. Kh1 Qc5 16. Rab1 Bc6 17. Rb4 Qh5 18. Qe1 g5 19. Qe5 Nd5 20. Rg4 h6 21. Bxg5 Qxg4 22. fxg4 hxg5 23. Qxg5+ Kf8 24. c4 Nc7 25. Qf4 Be8 26. Bg6 1-0

[Event "Karvina op"]
[Site "Karvina"]
[Date "2017.07.05"]
[Round "5"]
[White "Biza, Miroslav"]
[Black "Adamczyk, Zuzanna"]
[Result "1/2-1/2"]
[WhiteElo "1801"]
[BlackElo "1753"]
[PlyCount "38"]
[EventDate "2017.07.01"]
[EventType "swiss"]
[EventRounds "9"]
[EventCountry "CZE"]
[SourceTitle "EXT 2018"]
[Source "ChessBase"]
[SourceDate "2017.10.13"]
[SourceVersion "1"]
[SourceVersionDate "2017.10.13"]
[SourceQuality "1"]

1. d4 Nf6 2. Bf4 d5 3. e3 Bf5 4. Bd3 Bxd3 5. Qxd3 Nbd7 6. Nd2 e6 7. Ngf3 Bd6 8. 0-0 0-0 9. c4 Bxf4 10. exf4 dxc4 11. Qxc4 Nb6 12. Qc2 Nbd5 13. f5 exf5 14. Qxf5 Qd7 15. Qxd7 Nxd7 16. Rfe1 Rfe8 17. Rxe8+ Rxe8 18. Re1 Rxe1+ 19. Nxe1 f6 1/2-1/2

[Event "Orlova op 14th"]
[Site "Orlova"]
[Date "2017.05.23"]
[Round "4"]
[White "Drozniak, Stanislaw"]
[Black "Biza, Miroslav"]
[Result "1-0"]
[WhiteElo "2043"]
[BlackElo "1760"]
[PlyCount "45"]
[EventDate "2017.05.20"]
[EventType "swiss"]
[EventRounds "9"]
[EventCountry "CZE"]
[SourceTitle "CBM 178 Extra"]
[Source "ChessBase"]
[SourceDate "2017.06.22"]
[SourceVersion "1"]
[SourceVersionDate "2017.06.22"]
[SourceQuality "1"]

1. e4 b6 2. d4 Bb7 3. Bd3 Nf6 4. Qe2 c5 5. d5 e6 6. c4 e5 7. f4 d6 8. fxe5 dxe5 9. Nf3 Bd6 10. 0-0 Nbd7 11. Nc3 a6 12. a4 Qc7 13. Nh4 g6 14. Bh6 Be7 15. a5 Nxd5 16. Nxd5 Bxd5 17. exd5 Bxh4 18. Qe4 Qd8 19. d6 Rb8 20. Qd5 Bf6 21. Bg7 Rg8 22. Bxf6 Nxf6 23. Qxe5+ 1-0

[Event "Orlova op 14th"]
[Site "Orlova"]
[Date "2017.05.21"]
[Round "2"]
[White "Trombik, Karel"]
[Black "Biza, Miroslav"]
[Result "1/2-1/2"]
[WhiteElo "2060"]
[BlackElo "1760"]
[PlyCount "118"]
[EventDate "2017.05.20"]
[EventType "swiss"]
[EventRounds "9"]
[EventCountry "CZE"]
[SourceTitle "CBM 178 Extra"]
[Source "ChessBase"]
[SourceDate "2017.06.22"]
[SourceVersion "1"]
[SourceVersionDate "2017.06.22"]
[SourceQuality "1"]

1. Nf3 Nf6 2. d4 g6 3. Bf4 Bg7 4. e3 d5 5. h3 c5 6. c3 Qb6 7. Qc1 Bf5 8. Be2 Nc6 9. 0-0 0-0 10. Nbd2 cxd4 11. exd4 Rac8 12. a3 Ne4 13. Be3 Qc7 14. Nxe4 Bxe4 15. Bh6 Rfe8 16. Bxg7 Kxg7 17. Ng5 Bf5 18. Bb5 f6 19. Nf3 Qd6 20. Bxc6 Rxc6 21. Re1 b5 22. Qd2 a5 23. Rac1 Rec8 24. Re3 R8c7 25. Rce1 Be4 26. Nh2 b4 27. axb4 axb4 28. f3 bxc3 29. bxc3 Bf5 30. Nf1 Rb6 31. Qe2 Kf7 32. Qf2 Rcb7 33. Qh4 Kg7 34. Qf2 Rb2 35. Rxe7+ Rxe7 36. Rxe7+ Qxe7 37. Qxb2 Bd3 38. Qd2 Bc4 39. Ne3 Bb3 40. Kf2 f5 41. g3 f4 42. Ng4 fxg3+ 43. Kxg3 g5 44. Ne5 Qf6 45. Qe3 h6 46. f4 Qf5 47. fxg5 hxg5 48. Nf3 Kf6 49. Qc1 Bc2 50. Ne5 Be4 51. Qe3 Ke6 52. c4 dxc4 53. Nxc4 Kd5 54. Nb6+ Kc6 55. Na4 Kd6 56. Nc3 Bc6 57. h4 gxh4+ 58. Kxh4 Qf6+ 59. Kg3 Qg6+ 1/2-1/2

[Event "Wch Seniors 65 26th"]
[Site "Marianske Lazne"]
[Date "2016.11.28"]
[Round "9"]
[White "Mittelbach, Zdenek"]
[Black "Biza, Miroslav"]
[Result "1/2-1/2"]
[WhiteElo "1944"]
[BlackElo "1728"]
[PlyCount "74"]
[EventDate "2016.11.19"]
[EventType "swiss"]
[EventRounds "11"]
[EventCountry "CZE"]
[SourceTitle "CBM 175 Extra"]
[Source "ChessBase"]
[SourceDate "2016.12.12"]
[SourceVersion "1"]
[SourceVersionDate "2016.12.12"]
[SourceQuality "1"]

1. c4 Nf6 2. d4 e6 3. Nc3 d5 4. Nf3 c6 5. Bg5 Nbd7 6. e3 Qa5 7. Bxf6 Nxf6 8. Nd2 Bd6 9. c5 Bb8 10. g3 e5 11. Nb3 Qd8 12. dxe5 Bxe5 13. Bg2 Bf5 14. Nd4 Qd7 15. 0-0 Bh3 16. b4 h5 17. f4 Bxg2 18. Kxg2 Bxd4 19. exd4 Ne4 20. Qe2 f5 21. b5 h4 22. bxc6 Qxc6 23. g4 0-0-0 24. Nxe4 dxe4 25. Qe3 fxg4 26. Rad1 Rhe8 27. Rd2 Rd5 28. f5 Rf8 29. Rf4 Rdxf5 30. Rxg4 Qf6 31. Qxe4 Rf2+ 32. Rxf2 Qxf2+ 33. Kh1 Qxa2 34. Rxg7 Rf1+ 35. Rg1 Qf2 36. Qe6+ Kc7 37. Qd6+ Kc8 1/2-1/2

[Event "Wch Seniors 65 26th"]
[Site "Marianske Lazne"]
[Date "2016.11.21"]
[Round "3"]
[White "Flockerzi, Armin"]
[Black "Biza, Miroslav"]
[Result "0-1"]
[WhiteElo "1860"]
[BlackElo "1728"]
[PlyCount "128"]
[EventDate "2016.11.19"]
[EventType "swiss"]
[EventRounds "11"]
[EventCountry "CZE"]
[SourceTitle "CBM 175 Extra"]
[Source "ChessBase"]
[SourceDate "2016.12.12"]
[SourceVersion "1"]
[SourceVersionDate "2016.12.12"]
[SourceQuality "1"]

1. Nf3 d5 2. d4 Bf5 3. g3 Nc6 4. a3 Qd7 5. Bg2 f6 6. Nbd2 g5 7. c3 h5 8. Nb3 e6 9. h4 g4 10. Nh2 Qh7 11. Nc5 b6 12. Nd3 Bd6 13. 0-0 Nge7 14. Be3 Bg6 15. Qd2 0-0-0 16. b4 e5 17. dxe5 Nxe5 18. Nxe5 Bxe5 19. Rac1 Be4 20. Bd4 Bxg2 21. Kxg2 Qe4+ 22. Kg1 Nf5 23. e3 Nd6 24. Qc2 Bxd4 25. cxd4 Qxc2 26. Rxc2 Nc4 27. a4 f5 28. Rfc1 a6 29. b5 axb5 30. axb5 Kb7 31. Nf1 c6 32. bxc6+ Kxc6 33. Nd2 b5 34. Nb3 Ra8 35. Nc5 Rhe8 36. Nd3 Kd6 37. Nf4 b4 38. Re2 b3 39. Rb1 b2 40. Kg2 Ra1 41. Ree1 Rea8 42. Nd3 Rxb1 43. Rxb1 Ra1 44. Rxb2 Nxb2 45. Nxb2 Ra3 46. Nd1 Kc6 47. Kf1 Kb5 48. Ke2 Kc4 49. Nb2+ Kc3 50. Nd1+ Kc2 51. e4 fxe4 52. Ne3+ Kc3 53. Nxd5+ Kxd4 54. Ne3 Ra2+ 55. Kf1 Kd3 56. Kg2 Ke2 57. Kg1 Ke1 58. Ng2+ Ke2 59. Nf4+ Kf3 60. Nxh5 Rxf2 61. Nf6 Rg2+ 62. Kf1 Ra2 63. Ke1 e3 64. h5 Ra1# 0-1

[Event "Valasska Bystrice op"]
[Site "Valasska Bystrice"]
[Date "2016.09.12"]
[Round "4"]
[White "Gajda, Rostislav"]
[Black "Biza, Miroslav"]
[Result "1-0"]
[WhiteElo "1593"]
[BlackElo "1712"]
[PlyCount "57"]
[EventDate "2016.09.10"]
[EventType "swiss"]
[EventRounds "9"]
[EventCountry "CZE"]
[SourceTitle "CBM 174 Extra"]
[Source "ChessBase"]
[SourceDate "2016.10.10"]
[SourceVersion "1"]
[SourceVersionDate "2016.10.10"]
[SourceQuality "1"]

1. e4 Nf6 2. e5 Nd5 3. Nc3 e6 4. Nxd5 exd5 5. d4 d6 6. Bf4 dxe5 7. dxe5 c6 8. Qd2 Qb6 9. 0-0-0 Bc5 10. Bg3 Bf5 11. Nf3 Nd7 12. Qg5 Bg6 13. h4 h6 14. Qg4 h5 15. Qg5 Bxf2 16. Bxf2 Qxf2 17. Bd3 Nf8 18. Bxg6 Nxg6 19. e6 Rh6 20. exf7+ Kf8 21. Rhf1 Qc5 22. Nd4 Qe7 23. Qg3 Qxh4 24. Ne6+ Ke7 25. Qc7+ Kxe6 26. Rde1+ Qe4 27. Rxe4+ dxe4 28. Qxb7 Rhh8 29. Qxc6+ 1-0

[Event "Karvina op"]
[Site "Karvina"]
[Date "2016.07.10"]
[Round "9"]
[White "Biza, Miroslav"]
[Black "Stetz, Jan"]
[Result "1-0"]
[WhiteElo "1652"]
[BlackElo "1596"]
[PlyCount "83"]
[EventDate "2016.07.02"]
[EventType "swiss"]
[EventRounds "9"]
[EventCountry "CZE"]
[SourceTitle "EXT 2017"]
[Source "ChessBase"]
[SourceDate "2016.10.25"]
[SourceVersion "1"]
[SourceVersionDate "2016.10.25"]
[SourceQuality "1"]

1. d4 d5 2. Bf4 Nf6 3. e3 Bg4 4. f3 Bh5 5. Bd3 a6 6. c4 dxc4 7. Bxc4 e6 8. Nc3 Be7 9. Qb3 Nc6 10. Qxb7 Na5 11. Bxc7 Nxb7 12. Bxd8 Bxd8 13. h4 h6 14. Bd3 Ba5 15. Ke2 0-0 16. Na4 Nd5 17. a3 Nc7 18. b4 Nb5 19. bxa5 Nxa5 20. Nh3 Bg6 21. Bxg6 fxg6 22. Nf4 Rf6 23. Nc5 Re8 24. Nd7 Rf7 25. Ne5 Rc7 26. Rac1 Rec8 27. Rxc7 Rxc7 28. a4 Nc3+ 29. Kd3 Nxa4 30. Nxe6 Rc3+ 31. Ke4 Ra3 32. Kf4 Nc3 33. e4 Nb3 34. d5 Ne2+ 35. Kg4 Nbd4 36. Nxd4 Nxd4 37. Rd1 Ra4 38. Nxg6 Kf7 39. Ne5+ Kf6 40. Nd7+ Ke7 41. Nc5 a5 42. Nxa4 1-0

[Event "Orlova op 13th"]
[Site "Orlova"]
[Date "2016.05.21"]
[Round "1"]
[White "Kostka, Vit"]
[Black "Biza, Miroslav"]
[Result "1-0"]
[WhiteElo "2172"]
[BlackElo "1676"]
[PlyCount "149"]
[EventDate "2016.05.21"]
[EventType "swiss"]
[EventRounds "9"]
[EventCountry "CZE"]
[SourceTitle "CBM 172 Extra"]
[Source "ChessBase"]
[SourceDate "2016.06.21"]
[SourceVersion "1"]
[SourceVersionDate "2016.06.21"]
[SourceQuality "1"]

1. e4 Nf6 2. e5 Nd5 3. d4 d6 4. f4 dxe5 5. fxe5 Bf5 6. Nf3 e6 7. Bd3 Bb4+ 8. c3 Bxd3 9. Qxd3 Be7 10. 0-0 0-0 11. Nbd2 c5 12. a3 Nc6 13. Ne4 cxd4 14. cxd4 f6 15. exf6 Nxf6 16. Neg5 Qd5 17. Qe3 e5 18. Nxe5 Qxd4 19. Nxc6 Qxe3+ 20. Bxe3 bxc6 21. Ne6 Rfc8 22. Rac1 Nd5 23. Bd4 Bf6 24. Bxf6 gxf6 25. Rc5 a5 26. Nd4 Ra6 27. Rfc1 Ne7 28. Rf1 Kf7 29. g4 Rd8 30. Nb3 a4 31. Nc1 Rd2 32. Rf2 Rd1+ 33. Kg2 Rd4 34. h3 Rb6 35. Rh5 Kg6 36. Ne2 Re4 37. Nf4+ Kg7 38. Ra5 Kh6 39. Nh5 Nd5 40. Nxf6 Nxf6 41. Rxf6+ Kg7 42. Rf2 Rb3 43. Ra7+ Kg6 44. Rc2 Rb6 45. Kf3 Rd4 46. Ke3 Rd6 47. Rxa4 Rb3+ 48. Rc3 Rxb2 49. Ra6 Kg5 50. Kf3 Rbd2 51. Rc5+ R2d5 52. Raxc6 Rxc6 53. Rxd5+ Kf6 54. Rd3 Ra6 55. Ke4 Ke6 56. Kd4 Kd6 57. Kc4+ Kc6 58. Rc3 Ra7 59. Kb4+ Kb6 60. a4 Re7 61. a5+ Kb7 62. Ra3 Ka6 63. Kc5 Re1 64. Kd4 Re7 65. Re3 Rd7+ 66. Kc5 Rd1 67. Re7 Rc1+ 68. Kd4 Rd1+ 69. Ke5 h5 70. gxh5 Rh1 71. h6 Rxh3 72. h7 Kxa5 73. Kf6 Kb5 74. Kg7 Rg3+ 75. Kf8 1-0

[Event "Prague op-B 15th"]
[Site "Prague"]
[Date "2016.01.11"]
[Round "5"]
[White "Biza, Miroslav"]
[Black "Schoeppe, Christian"]
[Result "0-1"]
[WhiteElo "1737"]
[BlackElo "1599"]
[PlyCount "92"]
[EventDate "2016.01.08"]
[EventType "swiss"]
[EventRounds "9"]
[EventCountry "CZE"]
[SourceTitle "CBM 170 Extra"]
[Source "ChessBase"]
[SourceDate "2016.02.25"]
[SourceVersion "1"]
[SourceVersionDate "2016.02.25"]
[SourceQuality "1"]

1. d4 Nf6 2. Bf4 c6 3. e3 d6 4. Bd3 g6 5. Qd2 d5 6. Nc3 Nh5 7. Nge2 Nxf4 8. Nxf4 Bg7 9. h4 e5 10. dxe5 Bxe5 11. e4 Qf6 12. Nfe2 d4 13. Nd1 Nd7 14. f4 Bc7 15. e5 Qg7 16. Nxd4 Nc5 17. Be2 Bd7 18. Nc3 0-0-0 19. 0-0-0 f5 20. Qe3 Bb6 21. Qf3 Kb8 22. Bc4 Rhe8 23. b4 Ne6 24. Nxe6 Bxe6 25. Rxd8+ Bxd8 26. Bxe6 Rxe6 27. Rd1 Bxh4 28. g3 Be7 29. Qd3 Qf8 30. Qd7 Qc8 31. b5 Bb4 32. Ne2 Ba3+ 33. Kb1 cxb5 34. Qxc8+ Kxc8 35. Nd4 Rb6 36. e6 Bc5 37. Re1 Kd8 38. Nf3 Ke7 39. Rh1 h5 40. Ng5 Rd6 41. Rh2 a5 42. g4 Bg1 43. Rg2 Rd1+ 44. Kb2 hxg4 45. c3 Be3 46. Kc2 Rc1+ 0-1

[Event "Karvina op"]
[Site "Karvina"]
[Date "2015.07.05"]
[Round "9"]
[White "Borovicka, Bohumil"]
[Black "Biza, Miroslav"]
[Result "1-0"]
[WhiteElo "1967"]
[BlackElo "1787"]
[PlyCount "45"]
[EventDate "2015.06.27"]
[EventType "swiss"]
[EventRounds "9"]
[EventCountry "CZE"]
[SourceTitle "CBM 167 Extra"]
[Source "ChessBase"]
[SourceDate "2015.09.14"]
[SourceVersion "1"]
[SourceVersionDate "2015.09.14"]
[SourceQuality "1"]

1. e4 e6 2. b3 Nf6 3. e5 Nd5 4. c4 Nb6 5. Bb2 d6 6. Nf3 Nc6 7. exd6 cxd6 8. d4 Be7 9. Nbd2 d5 10. Be2 Bf6 11. 0-0 dxc4 12. Nxc4 0-0 13. Qd2 Nd5 14. Rfe1 Bd7 15. Rac1 Rc8 16. Bd3 Ncb4 17. Bb1 b5 18. Nce5 Rc7 19. a3 Nc6 20. Rc2 Nxe5 21. dxe5 Rxc2 22. Qxc2 Be7 23. Qxh7# 1-0

[Event "Karvina op"]
[Site "Karvina"]
[Date "2015.06.27"]
[Round "1"]
[White "Biza, Miroslav"]
[Black "Orzechowski, Jacek"]
[Result "0-1"]
[WhiteElo "1787"]
[BlackElo "2204"]
[PlyCount "26"]
[EventDate "2015.06.27"]
[EventType "swiss"]
[EventRounds "9"]
[EventCountry "CZE"]
[SourceTitle "CBM 167 Extra"]
[Source "ChessBase"]
[SourceDate "2015.09.14"]
[SourceVersion "1"]
[SourceVersionDate "2015.09.14"]
[SourceQuality "1"]

1. d4 Nf6 2. Bf4 d6 3. e3 Nbd7 4. Nf3 Nh5 5. Bg5 h6 6. Nfd2 hxg5 7. Nc3 e5 8. Bc4 c6 9. Qf3 Nhf6 10. d5 g4 11. Qg3 Nb6 12. dxc6 bxc6 13. Bb3 Nh5 0-1

[Event "Orlova op-A 12th"]
[Site "Orlova"]
[Date "2015.05.28"]
[Round "5"]
[White "Czerw, Dawid"]
[Black "Biza, Miroslav"]
[Result "1-0"]
[WhiteElo "2116"]
[BlackElo "1802"]
[PlyCount "75"]
[EventDate "2015.05.24"]
[EventType "swiss"]
[EventRounds "9"]
[EventCountry "CZE"]
[SourceTitle "CBM 166 Extra"]
[Source "ChessBase"]
[SourceDate "2015.06.18"]
[SourceVersion "1"]
[SourceVersionDate "2015.06.18"]
[SourceQuality "1"]

1. d4 d5 2. c4 e6 3. Nc3 Nf6 4. cxd5 exd5 5. Bg5 c6 6. e3 Be7 7. Bd3 Ne4 8. Bf4 Qa5 9. Nge2 Nd7 10. 0-0 Ndf6 11. f3 Nxc3 12. bxc3 Nh5 13. Qc2 Nxf4 14. Nxf4 g6 15. c4 Bd6 16. Ne2 dxc4 17. Bxc4 Qg5 18. f4 Qe7 19. e4 Be6 20. Bd3 Bg4 21. Nc3 Bc7 22. Kh1 0-0-0 23. d5 Qc5 24. Rac1 Bd7 25. Qb3 Qb6 26. Qc4 f6 27. Rb1 Qa5 28. Be2 Rhe8 29. Qb3 Bb6 30. Bf3 Qa6 31. Na4 Be3 32. Qxe3 Qxa4 33. Qc3 Rf8 34. Rfc1 Be8 35. e5 fxe5 36. dxc6 b6 37. c7 Rd4 38. Bb7+ 1-0

[Event "Valasska Bystrice op"]
[Site "Valasska Bystrice"]
[Date "2014.09.16"]
[Round "5"]
[White "Biza, Miroslav"]
[Black "Briza, Jiri"]
[Result "1-0"]
[WhiteElo "1709"]
[BlackElo "1935"]
[PlyCount "77"]
[EventDate "2014.09.13"]
[EventType "swiss"]
[EventRounds "9"]
[EventCountry "CZE"]
[SourceTitle "CBM 162 Extra"]
[Source "ChessBase"]
[SourceDate "2014.10.17"]
[SourceVersion "1"]
[SourceVersionDate "2014.10.17"]
[SourceQuality "1"]

1. Nf3 c5 2. c4 g6 3. Nc3 Bg7 4. Qc2 Nf6 5. g3 Nc6 6. d3 d6 7. Bg2 0-0 8. 0-0 Bg4 9. a3 Qd7 10. Be3 Bh3 11. Ng5 Bxg2 12. Kxg2 Ng4 13. Bd2 Nd4 14. Qd1 Qc6+ 15. e4 Ne5 16. Bf4 e6 17. Bxe5 Bxe5 18. Nf3 Bg7 19. Nxd4 cxd4 20. Ne2 d5 21. cxd5 exd5 22. Rc1 Qb5 23. exd5 Qxb2 24. Rb1 Qxa3 25. Rxb7 Rab8 26. Rc7 Qa5 27. Rd7 Rfd8 28. Qa1 Qxa1 29. Rxd8+ Rxd8 30. Rxa1 Rd7 31. Ra4 Kf8 32. Kf3 Ke7 33. Nxd4 Bxd4 34. Rxd4 a5 35. Ke4 Rb7 36. h4 Rb4 37. Rc4 Kd6 38. Kd4 f5 39. Rxb4 1-0

[Event "Ostrava Seniors op"]
[Site "Ostrava"]
[Date "2014.05.04"]
[Round "9"]
[White "Biza, Miroslav"]
[Black "Spala, Jiri"]
[Result "1-0"]
[WhiteElo "1928"]
[BlackElo "1000"]
[PlyCount "119"]
[EventDate "2014.04.26"]
[EventType "swiss"]
[EventRounds "9"]
[EventCountry "CZE"]
[SourceTitle "CBM 160 Extra"]
[Source "ChessBase"]
[SourceDate "2014.07.01"]
[SourceVersion "1"]
[SourceVersionDate "2014.07.01"]
[SourceQuality "1"]

1. d4 Nf6 2. c4 e6 3. Nc3 d5 4. Bg5 Be7 5. e3 c6 6. Nf3 Nbd7 7. Qc2 h6 8. Bh4 b6 9. Bd3 Bb7 10. cxd5 exd5 11. 0-0 0-0 12. Rfd1 Re8 13. Rac1 Ne4 14. Nxe4 dxe4 15. Bxe4 Bxh4 16. Bxc6 Bxf2+ 17. Qxf2 Bxc6 18. Rxc6 Rc8 19. Rdc1 Rxc6 20. Rxc6 Nb8 21. Rc3 Qd5 22. a4 Na6 23. Qc2 Nb4 24. Qb3 a5 25. Kf2 g5 26. Qxd5 Nxd5 27. Rb3 Re6 28. Ne5 Kg7 29. g3 f6 30. Nf3 Rc6 31. Ne1 f5 32. Rb5 Rd6 33. Nd3 f4 34. gxf4 gxf4 35. e4 Nc7 36. Re5 Rxd4 37. Nxf4 Kf7 38. Rf5+ Ke8 39. Ke3 Rxa4 40. Rf6 Rb4 41. Nd3 Rb3 42. Rxh6 Na6 43. Kd2 Nb4 44. Nxb4 Rxb4 45. Kc3 Rxe4 46. Rxb6 Rh4 47. Rb5 Rxh2 48. Rxa5 Kd8 49. Rc5 Rh1 50. Kc4 Rh2 51. b3 Rh4+ 52. Kb5 Rh6 53. b4 Rg6 54. Rc6 Rg5+ 55. Kb6 Rg7 56. b5 Rh7 57. Rg6 Rf7 58. Rg8+ Kd7 59. Rb8 Rf6+ 60. Kb7 1-0